IT Crowd Quiz - Statistics

General Stats
  • This quiz has been taken 1,172 times
  • The average score is 11 of 19
Answer Stats
Hint Answer % Correct
How many episodes does each series have? 6
92%
What year did it premier? 2006
86%
What channel did it premier on? Channel 4
83%
What is Moss's first name? Maurice
76%
In series 2, the Dinner Party episode, what is the name of Jen's new boyfriend that everyone misunderstands? Peter File
73%
What is Jen's role in the department? She is head and Relationships manager
73%
In series 2, the team appear on Dragon's Den, what was their invention? A bra
72%
In series 4, what show does Moss appear on which leads to an invitation to the 8+ club? Countdown
69%
In series 4, what language does Jen claim she can speak? Italian
68%
In series 1, Jen ask Moss to cover for her after a bad date with Bill "The News" Crouse, what does he tell him? She has died
64%
Who plays the character Roy? Chris O'Dowd
62%
In series 3, what is the new social networking site that Jen introduces to the team? Friendface
59%
Who is Noel Fielding character on the show? Richmond
57%
What does Jen nickname her 'time of the month' as? Aunt Irma
54%
What company is the IT Crowd based in? Reynholm Industries
53%
What was their invention called? Abracadabra
40%
In series 4, Douglas is given an award from the feminist committee, what was it? Shithead of the Year award
36%
In series 3, Roy is puzzled that Moss seems to have mastered cockney football-speak. Moss reveals that it is all done with the help of which football translation website? bluffball.co.uk
9%
What does Roy call the people on the fifth floor? The Land of the Beautiful People
5%
No matching quizzes found
Score Distribution
Percent of People with Each Score
Percentile by Number Answered
Your Score History
You have not taken this quiz